000 00610cam a2200205 a 4500
001 2140929
005 20250315101526.0
008 980521s1999 paua 001 0 eng
020 _a9780781710282
050 1 0 _aRS57
_b.H46 1999
082 0 0 _a615.5/8/01513
_221
100 1 _aHenke, Grace.
245 1 0 _aMed-math :
_bdosage calculation, preparation, and administration /
_cGrace Henke.
250 _a3rd ed.
260 _aPhiladelphia :
_bLippincott,
_cc1999.
300 _axvi, 350 p. :
_bill. ;
_c28 cm.
500 _aIncludes index.
650 0 _aPharmaceutical arithmetic.
942 _2lcc
_cBK
_e3rd ed.
_n0
999 _c4853
_d4853